000 00489nam a2200181Ia 4500
001 7812
005 20260306160523.0
008 260306t2006||||xx |||||||||||||| ||spa||
041 _aESP
082 _a362.290985
_bC76
100 _aComisión Nacional para el Desarrollo y Vida sin Drogas
_eAUT
245 0 _aEncuesta nacional de consumo de drogas en población general de Perú 2006
260 _c2006
300 _a
_c
650 _aGEN
654 _aCPS
942 _cLIB
_dJUS
_fJUS
_2ddc
_n
999 _c7812
_d7812